1779 1596 1776 1579 1060 1987 1914 1208 1608 1724 1175 1757 1547 1383 1348 1650 1395 1098 1243 1185 1428 1393 1465 1805 1575 1598 1541 1159 1916 1601 1300 1389 1495 1866 1165 1042 1222 1934 1037 1760 1267 1361 1713 1895 1062 1892 1745 1057 1768 1979 1974 1525 1456 1883 1197 1104 2000 1272 1987 1340 1662 1411 1512 1647 1391 1211 1646 1559 1195 1594 1083 1858 1164 1796 1297 1200 1367 1366 1079 1158 1639 1834 1106 1385 1835 1696 1678 1000 1683 1994 1932 1939 1805 1177 1318 1354 1706 1240 1581 BCNSPRNW ULIB Ver.6.0+V

เปลี่ยนเป็นภาษาไทย

Change to English
 แสดงรายละเอียดบรรณานุกรม
  กลับหน้าหลัก

Brief Record : Get Marc (ISO 2709) : E-mail record : QR code < ปิดหน้าต่าง
LEADER : 00000nam 2200000uu 4500
001    13399111252
003     ULIB
008    110621s||||||||th 000 0 tha d
020    9789740475002
050  4 BF698^bศ272ท 2551
100 0  ศรีเรือน แก้วกังวาล
245 10 ทฤษฎีจิตวิทยาบุคลิกภาพ :^bรู้เรา รู้เขา /^cศรีเรือน แก้วกังวาล
246 30 รู้เรา รู้เขา
250    พิมพ์ครั้งที่ 15 (แก้ไขปรับปรุง)
260    กรุงเทพฯ :^bหมอชาวบ้าน,^c2551
300    554 หน้า :^bภาพประกอบ ;^c21 ซม.
504    มีบรรณานุกรมและดัชนี
650  7 การปรับตัว (จิตวิทยา)
650  7 บุคลิกภาพ^xจิตวิทยา
650  7 การดำเนินชีวิต
650  7 จิตวิทยา
650  7 บุคลิกภาพ
945    ^p350^l0^i025285
945    ^p350^l0^i025284
995    ทศพร
999 ^a ใช้งานได้ทุกระบบ
รายการนี้ยังไม่มีแท็ก
คุณยังไม่ได้ล็อกอิน คุณสามารถมีกิจกรรมร่วมกับเว็บไซต์ได้ แต่ต้องล็อกอินก่อน ::
  ล็อกอิน

รายการสื่อสารสนเทศ

ลำดับที่ ประเภท เลขเรียก/บาร์โค้ด สถานที่ สถานะ
- ไม่พบข้อมูล -

รายการใกล้เคียง
    ผู้แต่ง [ศรีเรือน แก้วกังวาล]

    หัวเรื่อง [การปรับตัว (จิตวิทยา)]
    หัวเรื่อง [การดำเนินชีวิต]
    หัวเรื่อง [จิตวิทยา]
    หัวเรื่อง [บุคลิกภาพ]

BibComment


ยังไม่เคยถูกคอมเมนท์

คอมเมนท์ทรัพยากรรายการนี้
  คอมเมนท์: ทฤษฎีจิตวิทยาบุคล..


 Copyright 2026. Bcnsprnw @Library